000 00589nam a22002297a 4500
003 UA-OsUOA
001 64594
007 ta
008 20091106b un ||||| |||| 00| 0 ukr d
100 _aКоковин Е.
090 _a821.161.1
_bК59
942 _cBK
040 _aUA-OsUOA
_brus
_cUA-OsUOA
_dUA-OsUOA
245 _aДетство в Соломбале
_bПовесть
300 _a220 с.
955 _a3
041 _arus
080 _a821.161.1
260 _aМ.
_c1954
650 7 _a82 Література. Літературознавство
_2UDC
999 _c350521
_d350521